02923 am a2200457Ia 4500999001700000001001300017003000900030005001700039006002000056007001000076008004100086020003400127020003100161020002400192035002400216040003300240082002000273100003000293245010700323246001900430264005800449300006700507336002600574336005200600337002800652337002300680338002700703338003400730500013100764500021900895538047901114538041201593650006702005653002502072655002402097700002802121700003202149942001202181952013402193952013802327 c29373d29344ocn569235286EG-ScBUE20210822095441.0m fq m vd cvaizu100325s2008 enka f 000 0 eng d a9780194302364 (teacher's bk.) a0194302369 (teacher's bk.) a9780194302317 (DVD) a(OCoLC)ocn569235286 aIULbengerdacIULdEG-ScBUE04a428.34bMCD2221 aMcDonald, Annie,eauthor.10aEnglish result :belementary,pTeacher's book /cAnnie McDonald & Mark Hancock, with Catherine McBeth.33aTeacher's book 1aOxford ;aNew York :bOxford University Press,c2008. axi, 189 pages :billustrations (some color) ; c28 cm +e1 DVD 2rdacontentatextbtxt 2rdacontentathree-dimensional moving imagebtdm 2rdamediaaunmediatedbn 2rdamediaavideobv 2rdacarrieravolumebnc 2rdacarrieracomputer discbcd aAccompanying videodisc (DVD) includes authors' introduction, classroom footage with author commentary, and teacher's comments. aAccompanying multi-ROM includes on the computer: extra listening, vocabulary, and pronunciation practice and useful documents to help one study; on the CD player: all the workbook listening and pronunciation audio. aSystem requirements for accompanying multi-ROM (computer disc/CD) for PC: Pentium II, 400 MHz processor; Windows 2000, XP or Vista; Linux; 64 MB free RAM available; Internet Explorer 5+, Netscape 6+, Mozilla 1.1+ or Safari; Flash plugin version 7 or higher; Adobe Reader version 5 or higher; 1024 x 768 screen resolution, displaying 32-bit color; sound card; mouse; headphones/speakers; 24x CD-ROM drive speed. For CD audio: CD player or Windows Media Player, iTunes, etc. aSystem requirements for accompanying multi-ROM (computer disc/CD) for Mac: G3, 400 MHz processor; Mac (OS X); 65 MB RAM; Internet Explorer 5+, Netscape 6+, Mozilla 1.1+ or Safari; Flash plugin version 7 or higher; Adobe Reader version 5 or higher; 1024 x 768 screen resolution, displaying 32-bit color; sound card; couse; headphones/speakers; 24x CD-ROM drive speed. For CD audio: CD player or iTunes, etc. 7aEnglish languagexStudy and teachingxForeign speakers.2BUEsh bHHUUEENNcAugust2021 vReading book9342321 aHancock, Mark,eauthor.1 aMcBeth, Catherine,eauthor. 2ddccBB 00102ddc40708Donation-GaMAINbMAINc2NDd2021-08-22eDonationl0o428.34 MCDp000046164r2025-07-15 00:00:00w2021-08-22yTR 00102ddc40708Donation-GaMAINbMAINc2NDd2021-08-22eDonationl0o428.34 MCDp000046163r2022-08-24 00:00:00w2021-08-22yCDVDTR